Państwa o największym PKB na mieszkańca - Statystyki

Ogólne statystyki
  • Ten quiz został rozwiązany 26 razy
  • Średni wynik to 11 z 15
Statystyki odpowiedzi
Hint Odpowiedź % Poprawnych
69 231 Stany Zjednoczone
91%
89 090 Norwegia
86%
52 079 Kanada
86%
54 008 Finlandia
82%
60 029 Szwecja
82%
67 758 Dania
77%
69 033 Islandia
77%
93 720 Szwajcaria
77%
63 529 Australia
73%
53 368 Austria
73%
58 292 Holandia
73%
136 701 Luksemburg
73%
68 581 Katar
68%
72 795 Singapur
68%
99 013 Irlandia
45%
Nie znaleziono quizów pasujących do podanych kryteriów
Rozkład punktacji
Procent ludzi z każdym wynikiem
Percentyl według liczby udzielonych odpowiedzi
Twoja historia wyników
Nie rozwiązałeś tego quizu